| 000 | 00671cam a2200193 4500 | ||
|---|---|---|---|
| 001 | WS104701 | ||
| 008 | 000000n 000 0 eng u | ||
| 035 | _a(Sirsi) u104701 | ||
| 110 | 1 |
_aEmap Construct Ltd _93840 |
|
| 245 | _aNew Civil Engineer | ||
| 520 | _aWeb site for this journal giving product and company directories, searchable archives and job adverts. | ||
| 650 | _aJOURNALS | ||
| 650 | _aBUILT ENVIRONMENT-BUILDING MATERIALS | ||
| 650 | _aBUILT ENVIRONMENT-BUILDING MATERIALS | ||
| 650 | _aCIVIL ENGINEERING | ||
| 690 | _aBUILT ENVIRONMENT | ||
| 856 | 4 | 0 |
_uhttps://www.nceplus.co.uk/ _zView the website free of charge at www.nceplus.co.uk... |
| 942 | _n0 | ||
| 999 |
_c119445 _d119445 |
||